000 00357nam a2200145Ia 4500
008 230725s1995 xx 000 0 und d
041 _aeng
082 _a615.4/NAN/SHA
100 _aNanda
245 _aCurrent Dispensing Practices
_bPHARMACEUTICS -I
260 _bVALLABH PRAKASHAN
_c1995
300 _a256
500 _aTEXT BOOK
700 _aSharma
999 _c805924
_d805924